01712 2200301 4500001002100000005001500021035002000036007000300056008004100059020001800100082001000118084001600128100003000144245017700174250002000351300003800371650002100409650001100430700002100441505072000462740009201182264003001274336002101304337003001325338002301355990001601378990001601394INLIS00000000000004820260410034038 a0010-0426000047ta260410 g 0 ind  a9789792931709 a006.6 a006.6 BEN p0 aBenedicta RiniePengarang1 aPanduan aplikatif & solusi (PAS) : archicad 15 untuk desain arsitektur perumahan modern /cBenedicta Rini W ; setting, Sri Mulanto ; desain cover, Bowo ; korektor, Krisworo acetakan pertama a260 halaman :bilustrasi ;c23 cm 4aProgram Komputer 4aDesain0 aBowoeIlustrator aKebutuhan akan ketersediaan hunian bagi masyarakat memerlukan desain arsitektur yang mendorong munculnya perkembangan cluster perumahan di kota-kota besar di Indonesia. Perkembangan desain cluster perumahan banyak yang menggunakan teknologi modern dengan memberikan desain perumahan modern. Aplikasi komputer yang mendukung desain arsitektur untuk memenuhi kebutuhan tersebut adalah ArchiCAD 15. Kelebihan aplikasi ArchiCAD 15 adalah dapat melakukan desain gambar arsitektur beserta konstruksinya dan sekaligus mendapatkan hasil dalam 3D. ArchiCAD 15 merupakan pengembangan terbaru dari pembuat software ArchiCAD, yaitu Graphisoft yang menawarkan berbagai fasilitas lebih fleksibel dibandingkan versi sebelumnya. aPanduan aplikatif & solusi (PAS) : archicad 15 untuk desain arsitektur perumahan modern aYogyakarta :bANDI,c2012 2rdacontentateks 2rdamediaatanpa perantara 2rdacarrieravolume aPP000107/19 aPP000108/19